| 000 | 00746nam a22002417a 4500 | ||
|---|---|---|---|
| 003 | OSt | ||
| 005 | 20260309083736.0 | ||
| 008 | 260309b |||||||| |||| 00| 0 eng d | ||
| 020 | _a978-621-406-423-6 | ||
| 040 |
_aDWCL Main lib _cOC |
||
| 082 | _aFil. 515 A244 2025 | ||
| 100 | _aGuevarra, Jayson S. | ||
| 245 |
_aAdvanced engineering mathematics _cJayson S. Guevarra |
||
| 260 |
_aManila, Philippines: _bMindshapers, _cc2025. |
||
| 300 |
_aix, 380 pages; _c27 cm. |
||
| 504 | _aIncludes bibliographical references. | ||
| 650 | _a1. Engineering mathematics--worktext. | ||
| 700 | _aMelvin G. Macapagal | ||
| 700 | _aJeffrey G. Capacite | ||
| 700 | _aGerardo C. Malab | ||
| 700 | _aElizabeth R. Pader | ||
| 942 |
_2ddc _cBK - FIL _kFil. _n0 |
||
| 999 |
_c8769 _d8769 |
||